| 000 | 01003nam a2200289 a 4500 | ||
|---|---|---|---|
| 008 | 951121s1988||||[C 0 ukr c | ||
| 020 |
_c60 Kčs. _q(5000 výtl.) |
||
| 040 |
_aSNK _bslo _cSNK _eAACR2 |
||
| 041 | 1 |
_aslo _hslo |
|
| 080 | _a943.767"1948/1988"(084.12)=83 | ||
| 080 | _a779.(437.67) | ||
| 245 | 1 | 0 | _aKvitučyj kraj ; Petro Beheni, Illja Halajda, Jozef Hrmela, Bohdan Kuzyšyn, Marija Turjanycja, Ivan Firkaľ, Petro Holent, Jurko Huzej |
| 250 | _a1., vyd. | ||
| 260 |
_aPrjašiv _bSlovacke pedahohyčne vydavnyctvo _c1988 _eMartin _fTlačiarne SNP |
||
| 300 |
_a204 s., 41,26 AH _c30 cm |
||
| 500 | _aFot. na tit. liste a front. Res. slov., rus., ukr., nem. a angl. | ||
| 700 | 1 |
_aBeheni, Petro _4com |
|
| 700 | 1 |
_aHalajda, Illja _4trl |
|
| 700 | 1 |
_aHrmela, Jozef _4trl |
|
| 700 | 1 |
_aKuzyšyn, Bohdan _4trl |
|
| 700 | 1 |
_aTurjanycja, Marija _4trl |
|
| 700 | 1 |
_aFirkaľ, Ivan _4bkd |
|
| 700 | 1 |
_aHolent, Petro _4bkd |
|
| 700 | 1 |
_aHuzej, Jurko _4bkd |
|
| 044 |
_axo _cSK |
||
| 958 | _aA | ||
| 999 |
_c19250 _d19250 |
||